[Event "BI-2012-P-00008"]
[Site "LSS email"]
[Date "2012.04.20"]
[Round "?"]
[White "Albesa, Nahuel"]
[Black "Kouba, Lubomir"]
[Result "1-0"]
[WhiteElo "1385"]
[BlackElo "1790"]
[PlyCount "41"]
[EventDate "2012.04.22"]
[EventType "tourn (corr)"]
[EventRounds "10"]
[EventCountry "GER"]
[SourceTitle "Telechess CBM 165"]
[Source "ChessBase"]
[SourceDate "2015.03.11"]
[SourceVersion "1"]
[SourceVersionDate "2015.03.11"]
[SourceQuality "1"]

1. e4 e5 2. Nf3 Nc6 3. Nc3 Nf6 4. d4 exd4 5. Nxd4 Bb4 6. Nxc6 bxc6 7. Bd3 0-0 8. 0-0 d5 9. exd5 cxd5 10. Bg5 c6 11. Qf3 Bd6 12. h3 Rb8 13. b3 Be5 14. Bf4 Bxc3 15. Bxb8 Bxa1 16. Rxa1 Bg4 17. hxg4 Qxb8 18. Re1 h6 19. Qf5 Qb4 20. Re2 Qa3 21. f4 1-0

[Event "BI-2011-F-00011"]
[Site "LSS email"]
[Date "2012.02.12"]
[Round "?"]
[White "De Waele, Willy"]
[Black "Kouba, Lubomir"]
[Result "1-0"]
[WhiteElo "2002"]
[BlackElo "1789"]
[PlyCount "83"]
[EventDate "2012.02.15"]
[EventType "tourn (corr)"]
[EventRounds "10"]
[EventCountry "GER"]
[SourceTitle "Telechess CBM 153"]
[Source "ChessBase"]
[SourceDate "2013.03.14"]
[SourceVersion "1"]
[SourceVersionDate "2013.03.14"]
[SourceQuality "1"]

1. e4 e5 2. Nf3 Nc6 3. Bb5 a6 4. Ba4 Nf6 5. 0-0 Be7 6. Re1 b5 7. Bb3 d6 8. c3 0-0 9. h3 Bb7 10. d4 Re8 11. Nbd2 Bf8 12. a4 Na5 13. Bc2 b4 14. cxb4 Nc6 15. Nb3 exd4 16. Bd2 d5 17. e5 Ne4 18. Nc5 Bxc5 19. bxc5 Qe7 20. b4 Nxe5 21. Nxe5 Qxe5 22. f3 Qg3 23. fxe4 dxe4 24. Qg4 Qxg4 25. hxg4 e3 26. Bc1 Be4 27. Bb3 Bg6 28. Bc4 c6 29. a5 h6 30. Kh2 Rab8 31. Bxa6 Rxb4 32. Bf1 Re7 33. a6 Ra7 34. Ra2 Ra8 35. Rb2 Ra4 36. Rb6 Be4 37. Rb7 Bc2 38. Kg3 Kf8 39. Bb2 d3 40. Rxe3 d2 41. Be2 R4xa6 42. Rf3 1-0

[Event "BI-2011-F-00011"]
[Site "LSS email"]
[Date "2012.02.12"]
[Round "?"]
[White "Do Amaral, Rogerio Einloft"]
[Black "Kouba, Lubomir"]
[Result "1-0"]
[WhiteElo "1865"]
[BlackElo "1789"]
[PlyCount "85"]
[EventDate "2012.02.15"]
[EventType "tourn (corr)"]
[EventRounds "10"]
[EventCountry "GER"]
[SourceTitle "Telechess CBM 153"]
[Source "ChessBase"]
[SourceDate "2013.03.14"]
[SourceVersion "1"]
[SourceVersionDate "2013.03.14"]
[SourceQuality "1"]

1. e4 e5 2. Nf3 Nc6 3. Bb5 a6 4. Ba4 Nf6 5. 0-0 Be7 6. Re1 b5 7. Bb3 d6 8. c3 0-0 9. h3 Bb7 10. d4 Re8 11. Nbd2 Bf8 12. a4 Na5 13. Bc2 b4 14. cxb4 Nc6 15. Nb3 exd4 16. Bd2 d5 17. e5 Ne4 18. Nc5 Bxc5 19. bxc5 Qe7 20. Rc1 Nxe5 21. Nxe5 Qxe5 22. c6 Bc8 23. f3 Bf5 24. Bb1 Bg6 25. b4 Rad8 26. Rc5 Qd6 27. fxe4 dxe4 28. Bg5 Rb8 29. Qg4 f5 30. Ba2+ Kh8 31. Qf4 h6 32. Qxd6 cxd6 33. Bf4 dxc5 34. Bxb8 Rxb8 35. b5 axb5 36. axb5 Be8 37. c7 Rc8 38. b6 Bc6 39. Be6 Re8 40. c8Q Rxc8 41. Bxc8 g6 42. Rc1 d3 43. b7 1-0

[Event "SA-2011-0-00232"]
[Site "LSS email"]
[Date "2011.11.30"]
[Round "?"]
[White "Kouba, Lubomir"]
[Black "Yarmolyuk, Yury"]
[Result "0-1"]
[WhiteElo "1789"]
[BlackElo "2124"]
[PlyCount "60"]
[EventDate "2011.11.12"]
[EventType "tourn (corr)"]
[EventRounds "6"]
[EventCountry "GER"]
[SourceTitle "Telechess CBM 153"]
[Source "ChessBase"]
[SourceDate "2013.03.14"]
[SourceVersion "1"]
[SourceVersionDate "2013.03.14"]
[SourceQuality "1"]

1. d4 Nf6 2. c4 e6 3. Nf3 d5 4. Nc3 c6 5. e3 Nbd7 6. Bd3 dxc4 7. Bxc4 b5 8. Bd3 Bb7 9. 0-0 a6 10. e4 c5 11. d5 Qc7 12. dxe6 fxe6 13. Bc2 c4 14. Ng5 Nc5 15. Qe2 Bd6 16. f4 h6 17. Nh3 Nd3 18. e5 Bc5+ 19. Kh1 Nd5 20. Ne4 0-0-0 21. b3 Nxc1 22. Rfxc1 c3 23. Nxc5 Qxc5 24. Be4 Kb8 25. Qf3 b4 26. a3 bxa3 27. Re1 a5 28. Rac1 Rc8 29. Qg4 Nb4 30. Bxb7 Kxb7 0-1

[Event "SA-2011-0-00232"]
[Site "LSS email"]
[Date "2011.11.30"]
[Round "?"]
[White "Ramponelli, Roberto"]
[Black "Kouba, Lubomir"]
[Result "1-0"]
[WhiteElo "2140"]
[BlackElo "1789"]
[PlyCount "115"]
[EventDate "2011.11.12"]
[EventType "tourn (corr)"]
[EventRounds "6"]
[EventCountry "GER"]
[SourceTitle "Telechess CBM 153"]
[Source "ChessBase"]
[SourceDate "2013.03.14"]
[SourceVersion "1"]
[SourceVersionDate "2013.03.14"]
[SourceQuality "1"]

1. d4 Nf6 2. Nf3 d5 3. Bf4 c5 4. e3 Nc6 5. c3 Nh5 6. Bg3 Qb6 7. Qb3 Nxg3 8. hxg3 h6 9. Qxb6 axb6 10. Na3 Bf5 11. Nb5 0-0-0 12. Rd1 e6 13. Ng5 Rd7 14. Bd3 Bxd3 15. Rxd3 g6 16. Nf3 Bg7 17. g4 Kd8 18. Rd1 Ke7 19. Ra1 f6 20. Nh4 Kf7 21. g3 Ra8 22. f4 Ra5 23. a4 c4 24. f5 Ne7 25. Rf1 Ra8 26. fxg6+ Nxg6 27. Nf3 Rc8 28. Kf2 Ke7 29. Rfe1 Rdd8 30. e4 Kd7 31. exd5 exd5 32. Rh1 Ne7 33. Rh5 Ke8 34. Nh4 Rd7 35. Ng2 Kf7 36. Na3 Ra8 37. Nc2 Ra5 38. Nce3 b5 39. Nf4 Rxa4 40. Rxa4 bxa4 41. Nfxd5 Nxd5 42. Nxd5 b5 43. Nb6 Rb7 44. Rxb5 Kg8 45. Kf3 f5 46. gxf5 Bf6 47. Ke4 Bd8 48. Rc5 Bxb6 49. Rxc4 Bc7 50. g4 Ra7 51. Rb4 a3 52. bxa3 Rxa3 53. Rc4 Ba5 54. Rc8+ Kf7 55. Ra8 Bb4 56. Rxa3 Bxa3 57. c4 Be7 58. c5 1-0

[Event "SA-2011-0-00231"]
[Site "LSS email"]
[Date "2011.11.27"]
[Round "?"]
[White "Kouba, Lubomir"]
[Black "Lange, Steffen"]
[Result "0-1"]
[WhiteElo "1790"]
[BlackElo "2059"]
[PlyCount "64"]
[EventDate "2011.11.08"]
[EventType "tourn (corr)"]
[EventRounds "6"]
[EventCountry "GER"]
[SourceTitle "Telechess CBM 161"]
[Source "ChessBase"]
[SourceDate "2014.07.16"]
[SourceVersion "1"]
[SourceVersionDate "2014.07.16"]
[SourceQuality "1"]

1. d4 Nf6 2. c4 e6 3. g3 d5 4. Nf3 Be7 5. Bg2 0-0 6. 0-0 c6 7. Qc2 Nbd7 8. Rd1 b6 9. b3 Re8 10. Bf4 Ba6 11. a4 Rc8 12. a5 b5 13. c5 b4 14. Re1 Ne4 15. Nbd2 Nc3 16. Nb1 Nb5 17. Rd1 g5 18. Be3 Rb8 19. Ra4 Bf6 20. h3 e5 21. dxe5 Nxe5 22. Nxe5 Rxe5 23. h4 gxh4 24. Bf4 Nc7 25. Bxe5 Bxe5 26. Qf5 Qe7 27. Qg4+ Kh8 28. Qxh4 Qxh4 29. gxh4 Ne6 30. Ra2 Nd4 31. e4 dxe4 32. Rad2 Bd3 0-1

[Event "CP-2011-P-00065"]
[Site "LSS email"]
[Date "2011.09.30"]
[Round "?"]
[White "Komissarov, Yaroslav"]
[Black "Kouba, Lubomir"]
[Result "1/2-1/2"]
[WhiteElo "1859"]
[BlackElo "1969"]
[PlyCount "85"]
[EventDate "2011.10.01"]
[EventType "tourn (corr)"]
[EventRounds "6"]
[EventCountry "GER"]
[SourceTitle "Telechess CBM 153"]
[Source "ChessBase"]
[SourceDate "2013.03.14"]
[SourceVersion "1"]
[SourceVersionDate "2013.03.14"]
[SourceQuality "1"]

1. e4 e5 2. Nf3 Nc6 3. Bb5 a6 4. Bxc6 dxc6 5. 0-0 Bg4 6. h3 h5 7. d3 Qf6 8. Nbd2 Ne7 9. Re1 Ng6 10. d4 Bd6 11. hxg4 hxg4 12. Nh2 Rxh2 13. Qxg4 Qh4 14. Qxh4 Rxh4 15. Nf3 Rh5 16. dxe5 Nxe5 17. Nxe5 Bxe5 18. c3 g5 19. g3 0-0-0 20. Be3 Rdh8 21. Kg2 g4 22. Rh1 Kd7 23. Rxh5 Rxh5 24. Rh1 Rxh1 25. Kxh1 Ke6 26. Kg2 f5 27. exf5+ Kxf5 28. f3 b6 29. Bd4 Bd6 30. c4 c5 31. Bc3 c6 32. b3 Bf8 33. fxg4+ Kxg4 34. Be5 b5 35. Bc7 Bg7 36. Kf2 Bd4+ 37. Ke2 bxc4 38. bxc4 Bg1 39. Kd3 Kf3 40. Kc3 Bf2 41. Bd6 Bxg3 42. Bxc5 Ke4 43. Bg1 1/2-1/2

[Event "SB-2011-0-00168"]
[Site "LSS email"]
[Date "2011.07.19"]
[Round "?"]
[White "Kouba, Lubomir"]
[Black "Sherwood, Russell"]
[Result "1/2-1/2"]
[WhiteElo "1789"]
[BlackElo "2110"]
[PlyCount "82"]
[EventDate "2011.06.27"]
[EventType "tourn (corr)"]
[EventRounds "6"]
[EventCountry "GER"]
[SourceTitle "Telechess CBM 153"]
[Source "ChessBase"]
[SourceDate "2013.03.14"]
[SourceVersion "1"]
[SourceVersionDate "2013.03.14"]
[SourceQuality "1"]

1. c4 e5 2. Nc3 Nf6 3. Nf3 Nc6 4. g3 d5 5. cxd5 Nxd5 6. Bg2 Nb6 7. 0-0 Be7 8. d3 0-0 9. Be3 Be6 10. Rc1 Nd5 11. d4 Nxd4 12. Bxd4 exd4 13. Nxd4 Nxc3 14. Rxc3 Bc8 15. Rd3 Qe8 16. e3 Bf6 17. Qh5 g6 18. Qc5 Qe7 19. b4 c6 20. a4 Qxc5 21. bxc5 Re8 22. Rc1 Rd8 23. a5 a6 24. Rdd1 Kg7 25. h3 Re8 26. Rc4 Bd8 27. Ra4 Bf6 28. e4 Re5 29. Rc1 Be7 30. Rac4 Bd8 31. f4 Re8 32. Ra1 Bd7 33. Rb4 Ra7 34. Kf2 Be7 35. Rc4 Rd8 36. Rd1 Raa8 37. Rb1 Bc8 38. Ke3 Re8 39. g4 Bd8 40. Ra4 Rh8 41. Bf1 Be7 1/2-1/2

[Event "RB-2011-0-00118"]
[Site "LSS email"]
[Date "2011.06.15"]
[Round "?"]
[White "Kouba, Lubomir"]
[Black "Bilsel, Sabahaddin"]
[Result "1/2-1/2"]
[WhiteElo "1909"]
[BlackElo "1929"]
[PlyCount "33"]
[EventDate "2011.05.14"]
[EventType "tourn (corr)"]
[EventRounds "6"]
[EventCountry "GER"]
[SourceTitle "Corr 2015"]
[Source "ChessBase"]
[SourceDate "2015.07.17"]
[SourceVersion "1"]
[SourceVersionDate "2015.07.17"]
[SourceQuality "1"]

1. e4 c5 2. Nf3 e6 3. Nc3 Nc6 4. d4 cxd4 5. Nxd4 Nf6 6. a3 Be7 7. Be3 d6 8. Be2 e5 9. Nb3 Be6 10. Bf3 0-0 11. Nd5 a5 12. Nd2 a4 13. Nc4 Bxd5 14. exd5 Na5 15. Bb6 Qc8 16. Nxa5 Nd7 17. Be3 1/2-1/2

[Event "RB-2011-0-00118"]
[Site "LSS email"]
[Date "2011.06.15"]
[Round "?"]
[White "Pott, Brian"]
[Black "Kouba, Lubomir"]
[Result "0-1"]
[WhiteElo "1602"]
[BlackElo "1909"]
[PlyCount "80"]
[EventDate "2011.05.14"]
[EventType "tourn (corr)"]
[EventRounds "6"]
[EventCountry "GER"]
[SourceTitle "Telechess CBM 147"]
[Source "ChessBase"]
[SourceDate "2012.03.16"]
[SourceVersion "1"]
[SourceVersionDate "2012.03.16"]
[SourceQuality "1"]

1. e4 e5 2. Nf3 Nc6 3. Bc4 Bc5 4. b4 Bxb4 5. c3 Ba5 6. d4 exd4 7. Qb3 Qf6 8. 0-0 Bb6 9. e5 Qg6 10. cxd4 Nge7 11. Qd1 d6 12. exd6 Bg4 13. Bb2 cxd6 14. d5 Nd4 15. Kh1 Bxf3 16. gxf3 Rc8 17. Na3 Qh5 18. Bxd4 Bxd4 19. Qxd4 Qxf3+ 20. Kg1 Qxa3 21. Rae1 Kf8 22. Bb3 Nf5 23. Qd2 g6 24. Re4 b5 25. Rb4 Rc5 26. Rf4 h6 27. h3 Rg8 28. Kh2 Kg7 29. Rg1 Kh7 30. h4 Rc7 31. h5 Qc5 32. Qe2 Qc3 33. Qg4 Qe5 34. hxg6+ fxg6 35. Kh1 h5 36. Qf3 Rc3 37. Qe4 Re8 38. Qxe5 Rxe5 39. Rb4 a5 40. Rxb5 Nh4 0-1

[Event "RB-2011-0-00118"]
[Site "LSS email"]
[Date "2011.06.15"]
[Round "?"]
[White "Sherwood, Russell"]
[Black "Kouba, Lubomir"]
[Result "0-1"]
[WhiteElo "1862"]
[BlackElo "1909"]
[PlyCount "92"]
[EventDate "2011.05.14"]
[EventType "tourn (corr)"]
[EventRounds "6"]
[EventCountry "GER"]
[SourceTitle "Telechess CBM 147"]
[Source "ChessBase"]
[SourceDate "2012.03.16"]
[SourceVersion "1"]
[SourceVersionDate "2012.03.16"]
[SourceQuality "1"]

1. e4 c5 2. Nf3 d6 3. d4 cxd4 4. Nxd4 Nf6 5. Nc3 a6 6. Bg5 Nc6 7. Qd2 e6 8. 0-0-0 Bd7 9. f4 b5 10. Bxf6 gxf6 11. Kb1 Qb6 12. Nxc6 Bxc6 13. Qe1 0-0-0 14. f5 b4 15. Ne2 e5 16. Ng3 d5 17. Bd3 d4 18. Bc4 Rd7 19. Nh5 Ba4 20. Qh4 Rc7 21. b3 Rxc4 22. bxc4 Be7 23. Qg3 Kb7 24. Rd2 Qa5 25. Rf2 Qc5 26. Qd3 Rc8 27. g4 Qxc4 28. Qxc4 Rxc4 29. Rg1 Rc8 30. Rg3 Bc6 31. Re2 Rg8 32. Kb2 a5 33. h4 h6 34. Re1 a4 35. Kb1 Bb5 36. Kb2 Kc7 37. Rd1 Rc8 38. Rdg1 Kb6 39. Re1 Rc3 40. Kb1 d3 41. cxd3 Bxd3+ 42. Rxd3 Rxd3 43. Rc1 a3 44. Ng7 Rd2 45. Rc2 Rd4 46. Rc8 Rxe4 0-1

[Event "SB-2011-0-00148"]
[Site "LSS email"]
[Date "2011.05.05"]
[Round "?"]
[White "Matugin, Sergei"]
[Black "Kouba, Lubomir"]
[Result "1/2-1/2"]
[WhiteElo "1920"]
[BlackElo "1963"]
[PlyCount "63"]
[EventDate "2011.04.15"]
[EventType "tourn (corr)"]
[EventRounds "6"]
[EventCountry "GER"]
[SourceTitle "Telechess CBM 155"]
[Source "ChessBase"]
[SourceDate "2013.07.16"]
[SourceVersion "1"]
[SourceVersionDate "2013.07.16"]
[SourceQuality "1"]

1. d4 Nf6 2. c4 e6 3. Nf3 b6 4. g3 Ba6 5. b3 Bb4+ 6. Bd2 Be7 7. Bg2 c6 8. Bc3 d5 9. Nbd2 Nbd7 10. e4 0-0 11. e5 Ne8 12. 0-0 b5 13. cxd5 b4 14. dxe6 Bxf1 15. Bxf1 fxe6 16. Bb2 Nb6 17. Ne4 Nc7 18. Rc1 Qd7 19. Bh3 Nbd5 20. Ne1 Rab8 21. Nd3 Qe8 22. Qg4 Kh8 23. Nec5 Bxc5 24. Nxc5 Qf7 25. Qe2 Rb5 26. a4 bxa3 27. Bxa3 Rd8 28. Bb2 a5 29. f4 Ra8 30. Ra1 Rbb8 31. Bg2 Ne7 32. Qd3 1/2-1/2

[Event "BI-2011-P-00003"]
[Site "LSS email"]
[Date "2011.04.17"]
[Round "?"]
[White "Aydinoff, Cagakhan"]
[Black "Kouba, Lubomir"]
[Result "0-1"]
[WhiteElo "800"]
[BlackElo "2007"]
[PlyCount "32"]
[EventDate "2011.04.20"]
[EventType "tourn (corr)"]
[EventRounds "10"]
[EventCountry "GER"]
[SourceTitle "Corr 2015"]
[Source "ChessBase"]
[SourceDate "2015.07.17"]
[SourceVersion "1"]
[SourceVersionDate "2015.07.17"]
[SourceQuality "1"]

1. c4 e5 2. Nc3 Nf6 3. g3 Bb4 4. Bg2 0-0 5. Nf3 Re8 6. 0-0 e4 7. Nd4 Nc6 8. Nc2 Ba5 9. a3 d6 10. Ne3 Bb6 11. Ned5 Nxd5 12. Nxd5 Bf5 13. Nxb6 axb6 14. b4 Nxb4 15. Qb3 Nc6 16. Bb2 Qg5 0-1

[Event "BI-2011-P-00003"]
[Site "LSS email"]
[Date "2011.04.17"]
[Round "?"]
[White "Jara, Julio Cesar"]
[Black "Kouba, Lubomir"]
[Result "1/2-1/2"]
[WhiteElo "2037"]
[BlackElo "2007"]
[PlyCount "93"]
[EventDate "2011.04.20"]
[EventType "tourn (corr)"]
[EventRounds "10"]
[EventCountry "GER"]
[SourceTitle "Telechess CBM 151"]
[Source "ChessBase"]
[SourceDate "2012.11.13"]
[SourceVersion "1"]
[SourceVersionDate "2012.11.13"]
[SourceQuality "1"]

1. d4 d5 2. c4 c6 3. Nf3 Nf6 4. Nc3 dxc4 5. a4 Bf5 6. Ne5 Nbd7 7. Nxc4 Qc7 8. g3 Rd8 9. Bf4 e5 10. dxe5 Nxe5 11. Qc1 Bd6 12. Nxd6+ Qxd6 13. Bg2 0-0 14. 0-0 a6 15. a5 Qe6 16. Qe3 Nc4 17. Qa7 Rd7 18. Rad1 Nxa5 19. Rxd7 Qxd7 20. Rd1 Qc8 21. Qb6 Nc4 22. Qc5 Be6 23. b3 b6 24. Qe7 Na5 25. Rd6 Nxb3 26. Rxc6 Qd7 27. Qb4 Qd4 28. Qxd4 Nxd4 29. Rxb6 Rc8 30. Be3 Nb3 31. Ne4 Nxe4 32. Bxe4 a5 33. Bc6 h5 34. f3 g6 35. Kf1 Kh7 36. Kg1 Kg8 37. Kf2 Kh7 38. h3 Na1 39. g4 Nc2 40. Bg5 Nd4 41. Bb7 Rc2 42. Bf6 Rxe2+ 43. Kg3 g5 44. Be4+ Kh6 45. h4 gxh4+ 46. Kf4 Rxe4+ 47. fxe4 1/2-1/2

[Event "SB-2011-0-00139"]
[Site "LSS email"]
[Date "2011.03.20"]
[Round "?"]
[White "Bascetta, Biagio J"]
[Black "Kouba, Lubomir"]
[Result "1/2-1/2"]
[WhiteElo "1565"]
[BlackElo "1909"]
[PlyCount "54"]
[EventDate "2011.02.26"]
[EventType "tourn (corr)"]
[EventRounds "6"]
[EventCountry "GER"]
[SourceTitle "Telechess CBM 151"]
[Source "ChessBase"]
[SourceDate "2012.11.13"]
[SourceVersion "1"]
[SourceVersionDate "2012.11.13"]
[SourceQuality "1"]

1. e4 e5 2. Nf3 Nc6 3. Bb5 a6 4. Bxc6 dxc6 5. 0-0 Qd6 6. Na3 b5 7. c3 c5 8. Nc2 Bb7 9. d4 cxd4 10. cxd4 exd4 11. Ncxd4 c5 12. e5 Qd7 13. Nb3 Qxd1 14. Rxd1 c4 15. Nbd4 Ne7 16. Bd2 Ng6 17. a4 b4 18. Rac1 Rc8 19. h4 h5 20. Bg5 Rg8 21. e6 f6 22. Be3 Ne7 23. Ne2 Nf5 24. Nd2 g5 25. Nxc4 gxh4 26. Nf4 Bxg2 27. Kh2 Bf3 1/2-1/2

[Event "OP-2011-0-01449"]
[Site "LSS email"]
[Date "2011.03.19"]
[Round "?"]
[White "Kouba, Lubomir"]
[Black "Kampmann, Marcel"]
[Result "1-0"]
[WhiteElo "1865"]
[BlackElo "1473"]
[PlyCount "73"]
[EventDate "2011.03.16"]
[EventType "tourn (corr)"]
[EventRounds "4"]
[EventCountry "GER"]
[SourceTitle "Telechess CBM 147"]
[Source "ChessBase"]
[SourceDate "2012.03.16"]
[SourceVersion "1"]
[SourceVersionDate "2012.03.16"]
[SourceQuality "1"]

1. e4 e5 2. Nf3 Nc6 3. Bb5 Nf6 4. 0-0 Bc5 5. c3 0-0 6. d4 Bb6 7. Bg5 h6 8. Bh4 d6 9. Bxc6 bxc6 10. dxe5 dxe5 11. Nbd2 Ba6 12. Re1 Qe7 13. b4 c5 14. b5 Bb7 15. a4 a6 16. a5 Ba7 17. c4 Rad8 18. Qc2 Qe6 19. Bg3 Nd7 20. Rab1 f6 21. Nh4 Rf7 22. f3 Nf8 23. Bf2 g6 24. Nf1 Rfd7 25. Qc1 h5 26. Ne3 axb5 27. cxb5 Qf7 28. a6 Ba8 29. Nf1 Qe7 30. Qh6 Qg7 31. Qe3 Qf7 32. Rb2 Ne6 33. Reb1 Nf4 34. Rc2 Nd3 35. Qh6 Nxf2 36. Kxf2 c4+ 37. Ke1 1-0